000 00313nam a22001337a 4500
003 OSt
005 20251027094338.0
008 251027b |||||||| |||| 00| 0 eng d
040 _c
082 _a530
_bMAI
245 _aApplied Physics -1
_cMaiti,Kakuli A
260 _bNirali
_c2025
942 _2ddc
_cBK
_k530
_mMAI
_n0
999 _c36262
_d36262